Riziko a neistota vo financiách : (vybrané okruhy) /

Hlavní autor: Sivák, Rudolf, 1955-
Korporativní autor: Ekonomická univerzita v Bratislave. Národohospodárska fakulta
Jazyk: Slovenština
Vydáno: Bratislava : Ekonóm, 2004
Vydání: Vyd. 1.
Témata:
Fyzický popis: 203 s. : il. ; 29 cm
Knihy
Uloženo v:
LEADER 01570nam a2200421 a 4500
001 000802456
003 CZ BrMZK
005 20060103110501.0
007 ta
008 051220s2004 xo a erp 000 0 slo
020 |a 80-225-1956-1  |q (brož.) 
040 |a BOA001  |b cze 
072 7 |a 336.7  |x Finance  |2 Konspekt  |9 4 
072 7 |a 37.016  |x Učební osnovy. Vyučovací předměty. Učebnice  |2 Konspekt  |9 22 
080 |a 336  |2 MRF 
080 |a 336.7:330.131.7  |2 MRF 
080 |a 330.131.7  |2 MRF 
080 |a 519.816  |2 MRF 
080 |a (075.8)  |2 MRF 
100 1 |a Sivák, Rudolf,  |d 1955-  |7 mzk2004218187  |4 aut 
245 1 0 |a Riziko a neistota vo financiách :  |b (vybrané okruhy) /  |c Rudolf Sivák a kolektív 
250 |a Vyd. 1. 
260 |a Bratislava :  |b Ekonóm,  |c 2004 
300 |a 203 s. :  |b il. ;  |c 29 cm 
500 |a Nad názvem: Ekonomická univerzita v Bratislave, Národohospodárska fakulta 
500 |a 500 výt. 
504 |a Obsahuje bibliografii 
541 |a Bratislava, Centrum vedecko-technických informácií SR 
650 0 7 |a finance  |7 ph114548  |2 czenas 
650 0 7 |a finanční rizika  |7 ph162907  |2 czenas 
650 0 7 |a riziko (ekonomie)  |7 ph125171  |2 czenas 
650 0 7 |a teorie rozhodování  |7 ph126572  |2 czenas 
655 7 |a učebnice vysokých škol  |7 fd133772  |2 czenas 
710 2 |a Ekonomická univerzita v Bratislave.  |b Národohospodárska fakulta  |7 mzk2002157192 
910 2 |a BOA001  |b 3-1157.921 
990 |a BK 
991 |b 200601  |c NOV 
996 7 |b 2610268285  |c 3-1157.921  |l MZK  |r Sklad / do 1 hodiny  |n 3  |p vým.  |w 000802456  |u 000010  |a 1  |e BOA001  |j MZK50  |s A